000 00794nam a2200253Ia 4500
003 OSt
005 20220930070349.0
006 a|||||r|||| 00| 0
007 ta
008 220926b |||||||| |||| 00| 0 eng d
024 _a6886
037 _cTheses
040 _aCRL
_cCRL
_beng
041 _2eng
_aeng
100 _aSahai Sangeet
_9527048
110 _aUniversity of Delhi. Faculty of Medical Science. Department of Medicine
245 0 _aTo evaluate the role of anaerobes in pleuropulmonary infections
260 _c1985
650 _aMEDICINE
700 _a Dr D D S Kulpati Supervisor
_9525252
700 _aUniversity of Delhi. Faculty of Medical Science. Department of Medicine
942 _cDIS
_2CC
999 _c860805
_d860805